U.S. Senate Majority Leaders - Statistics

General Stats
  • This quiz has been taken 291 times
    270 since last reset
  • The average score is 7 of 23
Answer Stats
Tenure Party Answer % Correct
2021-Present Democratic Chuck Schumer
96%
2015-2021 Republican Mitch McConnell
95%
2007-2015 Democratic Harry Reid
70%
1955-1961 Democratic Lyndon B. Johnson
58%
1985-1987 Republican Bob Dole
47%
1995-1996 Republican Bob Dole
47%
2001-2003 Democratic Tom Daschle
41%
1996-2001 Republican Trent Lott
35%
2003-2007 Republican Bill Frist
34%
1977-1981 Democratic Robert C. Byrd
33%
1987-1989 Democratic Robert C. Byrd
33%
1961-1977 Democratic Mike Mansfield
27%
1989-1995 Democratic George J. Mitchell
18%
1953 Republican Robert A. Taft
18%
1981-1985 Republican Howard H. Baker, Jr.
17%
1937-1947 Democratic Alben W. Barkley
14%
1925-1928 Republican Charles Curtis
12%
1933-1937 Democratic Joseph Taylor Robinson
9%
1951-1953 Democratic Ernest W. McFarland
7%
1949-1951 Democratic Scott W. Lucas
6%
1953-1955 Republican William Knowland
6%
1947-1949 Republican Wallace H. White, Jr.
4%
1929-1933 Republican James Eli Watson
3%
No matching quizzes found
Score Distribution
Percent of People with Each Score
Percentile by Number Answered
Your Score History
You have not taken this quiz since the last reset